Flags of Greek History - Statistics

General Stats
  • This quiz has been taken 13 times
  • The average score is 6 of 12
Answer Stats
Picture Answer % Correct
Lacedaemon
100%
Macedonian Empire
100%
Kingdom of Greece
88%
Byzantine Empire
75%
Third Hellenic Republic
63%
Provisional Democratic Government
50%
Cretan State
38%
Second Hellenic Republic
38%
Free State of Icaria
25%
Greek Junta
25%
Northern Epirus
25%
Septinsular Republic
13%
No matching quizzes found
Score Distribution
Percent of People with Each Score
Percentile by Number Answered
Your Score History
You have not taken this quiz